00714nam a2200253 i 4500001000300000003000400003005001700007008003900024015001700063020001500080040001400095080000700109080001200116100004000128245003900168250001500207260004800222300002800270504001200298650001100310655003000321658001100351856009800362bgBPK20210701123809.0990114s1981 pl a f f |001 0 pol aPB 1981/6334 a8301005556 aWA NcBPK a54 a(075.8)1 aPajdowski, Lechd(1920-2013)eAutor10aChemia ogólna /cLech Pajdowski. aWyd. 5 zm. aWarszawa :bPańst. Wydaw. Naukowe,c1981. a616 s. :bil. ;c25 cm. aIndeks. 4aChemia 4aPodręczniki akademickie aChemia uhttp://koha.tu.koszalin.pl/cgi-bin/koha/opac-detail.pl?biblionumber=20166yKatalog online BPK